<Die> ausländische Kapitalgesellschaft und Co. Zulässigkeit grenzüberschreitender Grundtypvermischungen und Anknüpfung des Gesellschaftsstatus unter besonderer Berücksichtigung des Europäischen Gemeinschaftsrechts
Salvato in:
| Autore principale: | |
|---|---|
| Natura: | Libro |
| Lingua: | tedesco |
| Pubblicazione: |
Köln
Heymanns
1989
|
| Edizione: | 1. Aufl. |
| Soggetti: | |
| Tags: |
Nessun Tag, puoi essere il primo ad aggiungerne!!
|
MARC
| LEADER | 00000nam a2200000 4500 | ||
|---|---|---|---|
| 001 | c000648 | ||
| 005 | 20221215125225.8 | ||
| 020 | |a 3-452-21556-3 | ||
| 041 | 0 | |a ger | |
| 044 | |a DE | ||
| 245 | 1 | 0 | |a <Die> ausländische Kapitalgesellschaft und Co. |b Zulässigkeit grenzüberschreitender Grundtypvermischungen und Anknüpfung des Gesellschaftsstatus unter besonderer Berücksichtigung des Europäischen Gemeinschaftsrechts |c Helmut Grothe |
| 250 | |a 1. Aufl. | ||
| 264 | 1 | |a Köln |b Heymanns |c 1989 | |
| 300 | |a 364 s. | ||
| 610 | 2 | 0 | |a spoločnosti obchodné |
| 610 | 2 | 0 | |a právo občianske |
| 610 | 2 | 0 | |a stanovy |
| 610 | 2 | 0 | |a zákonodarstvo |
| 610 | 2 | 0 | |a právo obchodné |
| 610 | 2 | 0 | |a Európske spoločenstvá |
| 100 | 1 | |a Grothe, Helmut | |